000 00759nam a2200253Ia 4500
003 OSt
005 20221005092609.0
006 a|||||r|||| 00| 0
007 ta
008 221004b |||||||| |||| 00| 0 eng d
020 _a9780415990684 (pbk)
_c2372.20
024 _a112725
037 _b33378, 04/11/2011, Segment Book Distributors
_cTextual
040 _aCRL
_cCRL
_beng
041 _2eng
_aeng
082 _aP,9D, Q0
100 _aWalker James A
_9617577
245 0 _aVariation in linguistic systems
260 _aNew York
_bRoutledge USA
_c2010
300 _axviii,158p.
_ccm.
650 _aLINGUISTICS
942 _hP,9D, Q0
_cTEXL
_2cc
999 _c999102
_d999102